000
00336nam a22001457a 4500
020
_a
81-8858-200-X
082
_a
894.812.3
_b
MAD/M
100
_a
MADHAVIKUTTY
245
_a
MALAYALATHINTE SUVARNNA KATHAKAL
260
_a
THRISSUR
_b
GREEN BOOKS PRIVAT LIMITED
_c
2009
300
_a
152
520
_a
NOVEL
650
_a
NOVEL
942
_c
BK
999
_c
4964
_d
4964